000 00333nam a2200133Ia 4500
005 20260326235450.0
008 260326s9999||||xx |||||||||||||| ||und||
100 _aÅlander, Kyösti
245 0 _aViljo Revell :
_b Works and projects /
_cKyösti Ålander
260 _bOtava
300 _a116 p.
650 _aARQUITECTOS
942 _cBK
999 _c7742
_d7742